Faunas triassicas do Brasil, (Record no. 26846)

MARC details
000 -LEADER
fixed length control field 00885cam a22002531 4500
001 - CONTROL NUMBER
control field gs 31000031
003 - CONTROL NUMBER IDENTIFIER
control field DLC
005 - DATE AND TIME OF LATEST TRANSACTION
control field 20260227111335.0
008 - FIXED-LENGTH DATA ELEMENTS--GENERAL INFORMATION
fixed length control field 810720s1929 bl f b 000 0 por c
010 ## - LIBRARY OF CONGRESS CONTROL NUMBER
LC control number gs 31000031
035 ## - SYSTEM CONTROL NUMBER
System control number (OCoLC)7598525
040 ## - CATALOGING SOURCE
Original cataloging agency (Library, U.S. Geological Survey)
Transcribing agency NIC
Modifying agency DLC
050 00 - LIBRARY OF CONGRESS CALL NUMBER
Classification number QE235
Item number .A27 vol. 9
051 ## - LIBRARY OF CONGRESS COPY, ISSUE, OFFPRINT STATEMENT
Classification number QE732
Item number .R4
100 1# - MAIN ENTRY--PERSONAL NAME
Personal name Reed, F. R. C.
Fuller form of name (Frederick Richard Cowper),
Dates associated with a name 1869-
245 10 - TITLE STATEMENT
Title Faunas triassicas do Brasil,
Statement of responsibility, etc. pelo dr. F. R. Cowper Reed
260 ## - PUBLICATION, DISTRIBUTION, ETC.
Place of publication, distribution, etc. Rio de Janeiro,
Name of publisher, distributor, etc. Papelaria Americana,
Date of publication, distribution, etc. [1929].
300 ## - PHYSICAL DESCRIPTION
Extent 97 p.
Other physical details v pl.
Dimensions 30 cm.
490 0# - SERIES STATEMENT
Series statement Brazil. Serviço geologico e mineralogico. Monographias,
Volume/sequential designation v. 9
500 ## - GENERAL NOTE
General note At head of title: Ministerio da agricultura, industria e commercio.
504 ## - BIBLIOGRAPHY, ETC. NOTE
Bibliography, etc. note Bibliographical foot-notes.
650 #0 - SUBJECT ADDED ENTRY--TOPICAL TERM
Topical term or geographic name entry element Paleontology
Geographic subdivision Brazil.
650 #0 - SUBJECT ADDED ENTRY--TOPICAL TERM
Topical term or geographic name entry element Paleontology
Chronological subdivision Triassic.

No items available.

Powered by Koha